000 00817cam a2200241 a 4500
020 _a0787907960
040 _cDLC
082 0 0 _a378 JOS 1997 A070 Or.
100 1 _aDolence, Michael G.
245 1 0 _aWorking toward strategic change :
_ba step-by-step guide to the planning process /
250 _a1st ed.
260 _aSan Francisco :
_bJossey-Bass Publishers,
_cc1997.
300 _axxi, 180 p. :
_bill. ;
_c28 cm.
650 0 _aEducation, Higher
650 0 _aStrategic planning
650 0 _aEducational change
700 1 _aRowley, Daniel James,
700 1 _aLujan, Herman D.
856 4 2 _uhttp://www.loc.gov/catdir/bios/wiley043/96035692.html
856 4 2 _uhttp://www.loc.gov/catdir/description/wiley035/96035692.html
856 4 _uhttp://www.loc.gov/catdir/toc/onix07/96035692.html
942 _cEK
999 _c14839
_d14839